| 000 | 00829nam a2200229 a 4500 | ||
|---|---|---|---|
| 001 | 43982 | ||
| 003 | BD-RjUL | ||
| 005 | 20211209053759.0 | ||
| 008 | 160712s1964 bg ||||| |||| 00| 0 ben d | ||
| 020 | _c: PRs 1.75 | ||
| 035 | _a(BD-RjUL)44100 | ||
| 040 |
_aBD-RjUL _bben _cBD-RjUL |
||
| 041 | _aben | ||
| 082 |
_223 _a891.443 _bCHP 1964 |
||
| 100 |
_aচৌধুরী, কবীর _9135103 |
||
| 245 | 1 | 0 |
_aপ্রাচীন গ্রীসের বীর কাহিনী / _cকবীর চৌধুরী |
| 260 |
_aঢাকা : _bবাংলা একাডেমী, _c১৯৬৪ [১৩৭১] |
||
| 300 |
_a[৮], ৭১ পৃ. : _bচিত্র ; _c২১ সেমি. |
||
| 650 |
_aবাংলা উপন্যাস _9135104 |
||
| 650 |
_aBengali Fiction _9135105 |
||
| 942 |
_2ddc _cBK |
||
| 999 |
_c43982 _d43982 |
||